000 00366pab a2200157 454500
008 180718b2012 xxu||||| |||| 00| 0 eng d
100 _aDhiman, Anil Kumar
245 _aHow many indexes for research assessment?
260 _c2012
300 _ap.13-18.
362 _a4 June
650 _aResearch
773 _aUniversity News
908 _aN
909 _a96799
999 _c96799
_d96799